000 00785nam a2200253Ia 4500
003 OSt
005 20220916110918.0
006 a|||||r|||| 00| 0
007 ta
008 220915b |||||||| |||| 00| 0 hin d
024 _a187615
037 _cTextbook
040 _bhin
_aARTS
_cARTS
041 _ahin
082 _aO152,1M86,64, K0
100 _aगुप्त, मैथिलीशरण
245 0 _aरत्नावली
246 _aRatnāvalī
260 _aचिरगाँव
_bसाहित्य सदन भारत
_c1960
300 _a77 पृ0
_ccm.
650 _aहिन्दी साहित्य
942 _hO152,1M86,64, K0
_cTB
_2CC
999 _c101194
_d101194